Formes des pays commençant par C. - Statistiques

Statistiques générales
  • Ce quiz a été pris 84 fois
  • Le résultat moyen est 13 sur 18
Statistiques - réponses
Par images Réponse % Correct
Canada
99%
Chili
99%
République du {Congo}
99%
Chine
95%
République démocratique du {Congo}
95%
Chypre
94%
Croatie
94%
Cuba
83%
Cameroun
65%
République {centrafricaine}
65%
Comores
62%
Colombie
61%
Costa Rica
60%
Corée du Sud
57%
Cap-Vert
55%
Corée du Nord
55%
Cambodge
53%
Côte d’Ivoire
47%
Aucun quiz correspondant
Distribution des résultats
% des personnes avec chaque résultat
Percentile par nombre de réponses
Votre historique - résultats
Vous n’avez pas pris ce quiz